[Event "33rd Leon Blitz Open 2020"]
[Site "chess.com INT"]
[Date "2020.07.14"]
[Round "4"]
[White "Klekowski, Maciej"]
[Black "Hoffmann, Asa"]
[Result "0-1"]
[WhiteTitle "GM"]
[BlackTitle "FM"]
[WhiteElo "2506"]
[BlackElo "2185"]
[WhiteFideId "1132717"]
[BlackFideId "2001470"]
[EventDate "2020.07.14"]
[EventType "blitz"]

1. d4 Nf6 2. c4 c5 3. d5 e5 4. Nc3 d6 5. e4 Be7 6. f3 Nbd7 7. Be3 Nf8 8. Qd2 Ng6
9. g3 a6 10. h4 Nh5 11. Nge2 O-O 12. O-O-O b5 13. f4 exf4 14. gxf4 Bg4 15. Bh3
Bxh3 16. Rxh3 bxc4 17. Rg1 Rb8 18. Ng3 Nxg3 19. Rgxg3 Bxh4 20. Rg4 Bf6 21. e5
dxe5 22. f5 Nf4 23. Bxf4 exf4 24. Qxf4 Re8 25. Qd2 Qa5 26. Ne4 Qxd2+ 27. Kxd2
Rxb2+ 28. Kc1 Bd4 29. f6 g6 30. Rgh4 Rxe4 31. Rxe4 Bxf6 32. d6 c3 33. Rg3 Rd2
34. Rc4 Rxd6 35. Rxc5 Kg7 36. a4 Re6 37. a5 h6 38. Kc2 Re2+ 39. Kd1 Rd2+ 40. Kc1
Bg5 41. Kb1 Rb2+ 42. Ka1 Bf6 43. Rc6 Rb5 44. Rxf6 Rxa5+ 0-1

[Event "33rd Leon Blitz Open 2020"]
[Site "chess.com INT"]
[Date "2020.07.14"]
[Round "4"]
[White "Santos Latasa, Jaime"]
[Black "Nguyen, Thanh Thuy Tien"]
[Result "1-0"]
[WhiteTitle "GM"]
[BlackTitle "WIM"]
[WhiteElo "2575"]
[BlackElo "1971"]
[WhiteFideId "2293307"]
[BlackFideId "12400998"]
[EventDate "2020.07.14"]
[EventType "blitz"]

1. d4 Nf6 2. c4 e6 3. Nc3 Bb4 4. e3 c5 5. Ne2 O-O 6. a3 Ba5 7. dxc5 Bxc3+ 8.
Nxc3 a5 9. e4 Qc7 10. Be3 Na6 11. Qd6 Qc6 12. f3 Ne8 13. Qxc6 dxc6 14. Na4 e5
15. Nb6 Rb8 16. O-O-O Nec7 17. Be2 Ne6 18. Na4 Nf4 19. Bf1 Be6 20. g3 Ng6 21.
Be2 f5 22. b3 fxe4 23. fxe4 Rf7 24. Rhf1 Rxf1 25. Rxf1 Nf8 26. Bg5 Nd7 27. Be7
Re8 28. Bd6 Nf6 29. Bd3 Bf7 30. Kd2 Bg6 31. Re1 Kf7 32. h3 Ke6 33. Ke3 h6 34.
Bc7 Nxc7 35. Bc2 Na6 36. Rd1 Nd7 37. Rd6+ Ke7 38. Rxg6 Ndxc5 39. Nxc5 Nxc5 40.
Rxg7+ Kf6 41. Rh7 Kg6 42. Rc7 Rb8 43. h4 Kf6 44. g4 Rd8 45. b4 axb4 46. axb4 Na6
47. Rxb7 Rb8 48. Rxb8 Nxb8 49. Ba4 c5 50. bxc5 Na6 51. c6 Nc7 52. c5 Ke6 53.
Bb3+ Ke7 54. Bc4 Kf6 55. Kd3 Ke7 56. Kc3 1-0

[Event "33rd Leon Blitz Open 2020"]
[Site "chess.com INT"]
[Date "2020.07.14"]
[Round "4"]
[White "Vokhidov, Shamsiddin"]
[Black "Rahman, Ziaur"]
[Result "1/2-1/2"]
[WhiteTitle "GM"]
[BlackTitle "GM"]
[WhiteElo "2512"]
[BlackElo "2415"]
[WhiteFideId "14204223"]
[BlackFideId "10200037"]
[EventDate "2020.07.14"]
[EventType "blitz"]

1. e4 c5 2. Nf3 Nc6 3. Bb5 g6 4. Bxc6 dxc6 5. d3 Bg7 6. a4 Nf6 7. a5 O-O 8. Nbd2
Rb8 9. O-O b6 10. h3 Ne8 11. e5 Be6 12. Re1 Nc7 13. b3 Bd5 14. Bb2 Ne6 15. Ne4
b5 16. Nfg5 c4 17. Nxe6 Bxe6 18. Nc5 Bd5 19. dxc4 bxc4 20. Bc3 cxb3 21. cxb3 e6
22. b4 Qg5 23. Qg4 Qxg4 24. hxg4 Rfd8 25. f3 Bf8 26. Na6 Rb7 27. Rab1 Bc4 28.
Nc5 Bxc5+ 29. bxc5 Rb5 30. Rxb5 Bxb5 31. Kf2 Rd5 32. Kg3 Kg7 33. Rb1 a6 34. Bb4
g5 35. Rb2 Kg6 36. Rb1 Rxe5 37. Rh1 Rd5 38. Re1 h6 39. Re3 Rd3 40. Rxd3 Bxd3 41.
Bc3 Bb5 42. Be5 h5 43. gxh5+ Kxh5 44. Kf2 Kg6 45. g4 f6 46. Bc7 Kf7 47. Ke3 1/2-1/2

[Event "33rd Leon Blitz Open 2020"]
[Site "chess.com INT"]
[Date "2020.07.14"]
[Round "4"]
[White "Shvedova, Alexandra"]
[Black "Przybylski, Wojciech"]
[Result "1-0"]
[WhiteTitle "WFM"]
[BlackTitle "FM"]
[WhiteElo "1994"]
[BlackElo "2321"]
[WhiteFideId "54154782"]
[BlackFideId "1117599"]
[EventDate "2020.07.14"]
[EventType "blitz"]

1. e4 c5 2. Nf3 d6 3. d4 cxd4 4. Nxd4 Nf6 5. Nc3 a6 6. Be3 e5 7. Nf3 Be7 8. Bc4
O-O 9. O-O Qc7 10. Bb3 Nbd7 11. Bg5 b5 12. Nd5 Qd8 13. Nc3 Bb7 14. Qe2 Nc5 15.
Bxf6 Bxf6 16. Bd5 g6 17. Rad1 Rc8 18. Bxb7 Nxb7 19. Nd5 Bg7 20. c3 Nc5 21. Rd2
Ne6 22. Rfd1 f5 23. exf5 gxf5 24. Ne3 Nf4 25. Qf1 Rf6 26. Nxe5 Qe8 27. Nd3 Bh6
28. Nxf4 Bxf4 29. Nd5 Bxh2+ 30. Kxh2 Qh5+ 31. Kg1 Rh6 32. f3 f4 33. Ne7+ Kf7 34.
Nxc8 Qh2+ 35. Kf2 Qg3+ 36. Ke2 Re6+ 37. Kd3 Qg6+ 38. Kd4 Qf6+ 39. Kd3 Qf5+ 40.
Kd4 Qc5+ 41. Kd3 Qf5+ 42. Kd4 Re3 43. Nxd6+ Ke6 44. Nxf5 1-0

[Event "33rd Leon Blitz Open 2020"]
[Site "chess.com INT"]
[Date "2020.07.14"]
[Round "4"]
[White "Azarov, Sergei"]
[Black "Keosidi, Konstantin"]
[Result "1-0"]
[WhiteTitle "GM"]
[BlackTitle "FM"]
[WhiteElo "2604"]
[BlackElo "2404"]
[WhiteFideId "13501470"]
[BlackFideId "4175247"]
[EventDate "2020.07.14"]
[EventType "blitz"]

1. e4 e5 2. Nf3 Nf6 3. Nxe5 d6 4. Nf3 Nxe4 5. d4 d5 6. Bd3 Nc6 7. O-O Be7 8. Re1
Bg4 9. c3 f5 10. c4 Bxf3 11. gxf3 Nf6 12. Nc3 O-O 13. cxd5 Nxd4 14. Bc4 Bc5 15.
Be3 Re8 16. Na4 b6 17. b4 Bxb4 18. Qxd4 Bxe1 19. Rxe1 Qd6 20. Nc3 a6 21. Rd1 Kh8
22. Bf4 Qd7 23. Be5 Rf8 24. f4 Ne8 25. Bb3 Nd6 26. h3 Rf7 27. Kh2 Rd8 28. Rg1
Qe7 29. Nb1 Nb5 30. Qb2 Nd6 31. Nd2 Kg8 32. Nf3 h6 33. Nd4 Re8 34. Ne6 Qh4 35.
Nxg7 Kf8 36. Nxe8 Kxe8 37. Qe2 Ne4 38. Rg2 Kd7 39. d6 Rf8 40. dxc7 Kc8 41. Qxa6+ 1-0

[Event "33rd Leon Blitz Open 2020"]
[Site "chess.com INT"]
[Date "2020.07.14"]
[Round "4"]
[White "Murzin, Volodar"]
[Black "Manninen, Marko"]
[Result "1-0"]
[WhiteTitle "IM"]
[BlackTitle "IM"]
[WhiteElo "2465"]
[BlackElo "2377"]
[WhiteFideId "44155573"]
[BlackFideId "500690"]
[EventDate "2020.07.14"]
[EventType "blitz"]

1. e4 e6 2. d4 d5 3. exd5 exd5 4. Nf3 Nf6 5. c4 Bb4+ 6. Nc3 O-O 7. Be2 dxc4 8.
O-O Nc6 9. Bg5 Bg4 10. h3 Bxf3 11. Bxf3 Qxd4 12. Bxc6 Qxd1 13. Nxd1 bxc6 14.
Bxf6 gxf6 15. Rc1 Rfe8 16. Rxc4 Bd6 17. Ne3 Rab8 18. b3 Rb6 19. Rd1 Ra6 20. Rc2
Re5 21. Kf1 Rc5 22. Nc4 Kf8 23. g3 Rh5 24. Kg2 c5 25. Ne3 Rb6 26. Nd5 Rb7 27.
Nxf6 Rh6 28. Ng4 Re6 29. Ne3 Rb4 30. Nc4 Ke7 31. Rd3 Kd7 32. h4 Rb8 33. Ne3 Rbe8
34. Rxc5 Kc8 35. Rf5 f6 36. Nc4 Be7 37. Rff3 Ra6 38. a4 Rd8 39. Rxd8+ Kxd8 40.
Rd3+ Kc8 41. Kf3 Re6 42. Kg4 Re2 43. f4 Bc5 44. Kf5 Rg2 45. h5 Bf2 46. g4 h6 47.
Rd2 1-0

[Event "33rd Leon Blitz Open 2020"]
[Site "chess.com INT"]
[Date "2020.07.14"]
[Round "4"]
[White "Schut, Han"]
[Black "Li, Hui"]
[Result "1/2-1/2"]
[BlackTitle "CM"]
[WhiteElo "2101"]
[BlackElo "1985"]
[WhiteFideId "1005561"]
[BlackFideId "15400310"]
[EventDate "2020.07.14"]
[EventType "blitz"]

1. e4 c5 2. Nf3 d6 3. d4 cxd4 4. Nxd4 Nf6 5. f3 Nc6 6. c4 e6 7. Be3 Be7 8. Nc3
O-O 9. Be2 d5 10. cxd5 exd5 11. exd5 Nxd5 12. Nxd5 Qxd5 13. Nxc6 bxc6 14. O-O
Bf6 15. Qxd5 cxd5 16. Rad1 Be6 17. Bd4 Bxd4+ 18. Rxd4 Rab8 19. b3 Rfc8 20. Rfd1
Rc2 21. R1d2 Rxd2 22. Rxd2 a5 23. Kf2 Rb4 24. Ke3 Kf8 25. Rd4 Ke7 26. Bd1 Kd6
27. a3 Rxd4 28. Kxd4 f6 29. b4 axb4 30. axb4 Kc6 31. Ba4+ Kb6 32. Bb3 Kc6 33. g4
h6 34. h4 Bf7 35. h5 Be6 36. Ba4+ Kb6 37. b5 Bf7 38. Bb3 Be8 39. Ba4 Bf7 40. Bb3
Be8 41. Bxd5 Bxb5 42. Ke4 Bd7 43. Bf7 Kc5 44. Bg6 Kd6 45. Bf5 Bc6+ 46. Kf4 Ke7 1/2-1/2

[Event "33rd Leon Blitz Open 2020"]
[Site "chess.com INT"]
[Date "2020.07.14"]
[Round "4"]
[White "Ortega Amarelle, Mariano"]
[Black "Stupak, Kirill"]
[Result "0-1"]
[WhiteTitle "IM"]
[BlackTitle "GM"]
[WhiteElo "2458"]
[BlackElo "2520"]
[WhiteFideId "3504301"]
[BlackFideId "13503758"]
[EventDate "2020.07.14"]
[EventType "blitz"]

1. d4 Nf6 2. Nf3 e6 3. c4 c5 4. Nc3 cxd4 5. Nxd4 Bb4 6. g3 Ne4 7. Qd3 Qa5 8. Bd2
Nxd2 9. Qxd2 Bxc3 10. bxc3 a6 11. Nb3 Qc7 12. c5 Qc6 13. Rg1 O-O 14. Bg2 Qc7 15.
Qd6 Qxd6 16. cxd6 Ra7 17. a4 a5 18. Nd4 Na6 19. Nb5 Ra8 20. Kd2 Nc5 21. Kc2 Rb8
22. f4 b6 23. e4 Ba6 24. e5 Bxb5 25. axb5 f6 26. Rgf1 Rbc8 27. c4 Kf7 28. Kc3
Kg6 29. h4 h5 30. Rae1 Kh6 31. Kd4 a4 32. Bh3 Nb3+ 33. Kc3 Na5 34. f5 Nxc4 35.
fxe6 Nxe5+ 36. Kd4 dxe6 37. Bxe6 Rc2 38. Kd5 Rd2+ 0-1

[Event "33rd Leon Blitz Open 2020"]
[Site "chess.com INT"]
[Date "2020.07.14"]
[Round "4"]
[White "Skliarov, Viktor"]
[Black "Elgersma, Onno"]
[Result "1-0"]
[WhiteTitle "IM"]
[BlackTitle "FM"]
[WhiteElo "2376"]
[BlackElo "2298"]
[WhiteFideId "14106736"]
[BlackFideId "1053531"]
[EventDate "2020.07.14"]
[EventType "blitz"]

1. e4 c6 2. d4 d5 3. exd5 cxd5 4. Bd3 Nc6 5. c3 Qc7 6. Ne2 Bg4 7. O-O e6 8. Qe1
Bh5 9. f4 O-O-O 10. Qh4 Bg6 11. Bxg6 fxg6 12. Nd2 Nh6 13. Nf3 Nf5 14. Qh3 Be7
15. Bd2 h6 16. Rae1 h5 17. Nc1 Qd7 18. Nd3 Bf6 19. Nc5 Qf7 20. Nxe6 Rde8 21.
Nfg5 Bxg5 22. Nxg5 Qd7 23. Qd3 a6 24. Nf3 Rxe1 25. Rxe1 Re8 26. Ne5 Nxe5 27.
fxe5 Qb5 28. Qc2 Re6 29. Bg5 Qc6 30. Qe2 Kb8 31. g3 Ka8 32. Kg2 Qb6 33. h3 Qa5
34. g4 hxg4 35. hxg4 Nh6 36. a3 Qa4 37. Rf1 Qb3 38. Rf8+ Ka7 39. Bd8 Qa2 40. Ba5
Qb1 41. Bb4 b6 42. Bd6 a5 43. Ra8+ Kb7 44. Qa6+ Kc6 45. Rc8+ Kd7 46. Qb7# 1-0

[Event "33rd Leon Blitz Open 2020"]
[Site "chess.com INT"]
[Date "2020.07.14"]
[Round "4"]
[White "Kulkarni, Rakesh"]
[Black "Divya, Deshmukh"]
[Result "0-1"]
[WhiteTitle "IM"]
[BlackTitle "WIM"]
[WhiteElo "2321"]
[BlackElo "2305"]
[WhiteFideId "5037077"]
[BlackFideId "35006916"]
[EventDate "2020.07.14"]
[EventType "blitz"]

1. e4 c5 2. c3 Nf6 3. e5 Nd5 4. d4 cxd4 5. Nf3 Nc6 6. cxd4 e6 7. Bc4 d6 8. O-O
g6 9. Bg5 Be7 10. Bh6 Nb6 11. Bb3 dxe5 12. dxe5 Qxd1 13. Rxd1 Bd7 14. Nc3 Na5
15. Ne4 Bc6 16. Nd6+ Bxd6 17. Rxd6 Nac4 18. Rd4 Bxf3 19. gxf3 Nxe5 20. Kg2 Nc6
21. Rh4 Rg8 22. Bg5 h5 23. a4 Nd7 24. Rd1 Nc5 25. Bc2 e5 26. Rc4 Ne6 27. Bf6
Nf4+ 28. Kf1 Rc8 29. b4 Ne6 30. b5 Ne7 31. Rxc8+ Nxc8 32. Be4 Nb6 33. a5 Nd7 34.
Bxb7 Nxf6 35. b6 axb6 36. a6 Ke7 37. a7 Nc7 38. Rc1 Kd7 39. Bc6+ Kd6 40. Bb7
Nfd5 41. Rc6+ Kd7 42. Ke2 Nf4+ 43. Ke3 f5 44. Rxb6 Nfd5+ 45. Bxd5 Nxd5+ 46. Kd3
Nxb6 0-1

[Event "33rd Leon Blitz Open 2020"]
[Site "chess.com INT"]
[Date "2020.07.14"]
[Round "4"]
[White "Svane, Frederik"]
[Black "Olsen, Filip Boe"]
[Result "1/2-1/2"]
[WhiteTitle "FM"]
[BlackTitle "IM"]
[WhiteElo "2421"]
[BlackElo "2353"]
[WhiteFideId "12923044"]
[BlackFideId "1440640"]
[EventDate "2020.07.14"]
[EventType "blitz"]

1. e4 c6 2. d4 d5 3. exd5 cxd5 4. Bd3 Nf6 5. c3 Nc6 6. Bf4 Bg4 7. Qb3 Qd7 8. Nd2
e6 9. Ngf3 Bd6 10. Bxd6 Qxd6 11. O-O O-O 12. Rfe1 Ne7 13. Ne5 Bf5 14. Bf1 Rab8
15. a4 Ne4 16. Nxe4 Bxe4 17. Qa3 Qxa3 18. Rxa3 Rfd8 19. a5 Nc6 20. f3 Bf5 21. g4
Nxe5 22. Rxe5 Bg6 23. h4 h6 24. Kf2 Kf8 25. Rb3 b6 26. a6 Rbc8 27. Bb5 Ke7 28.
Ra3 Kd6 29. Ra1 f6 30. Re2 e5 31. Rae1 e4 32. fxe4 Bxe4 33. h5 f5 34. Kg3 Rf8
35. Rf2 fxg4 36. Ref1 Bf3 37. Be2 Rf5 38. Bxf3 gxf3 39. Rxf3 Rxh5 40. Rf7 Rg5+
41. Kh3 Re8 42. Rxa7 Re3+ 43. Kh2 Re2+ 44. Kh3 Re3+ 45. Kh2 Re4 46. Kh3 Rh5+ 47.
Kg3 Rg5+ 48. Kh3 Re3+ 1/2-1/2

[Event "33rd Leon Blitz Open 2020"]
[Site "chess.com INT"]
[Date "2020.07.14"]
[Round "4"]
[White "Schrik, Rachid"]
[Black "Parnali, S Dharia"]
[Result "1-0"]
[WhiteTitle "CM"]
[BlackTitle "WIM"]
[WhiteElo "2198"]
[BlackElo "2243"]
[WhiteFideId "1009818"]
[BlackFideId "5043131"]
[EventDate "2020.07.14"]
[EventType "blitz"]

1. d4 Nf6 2. c4 g6 3. Nc3 Bg7 4. e4 d6 5. f3 O-O 6. Bg5 c5 7. d5 Nbd7 8. Nh3 Ne5
9. Nf2 h6 10. Be3 h5 11. Be2 h4 12. O-O e6 13. Bg5 exd5 14. Nxd5 h3 15. g3 Be6
16. f4 Ned7 17. f5 gxf5 18. Nxh3 Bxd5 19. exd5 Qe8 20. Rxf5 Qe4 21. Rf4 Qe5 22.
Bg4 Qxb2 23. Rb1 Qe5 24. Rxb7 Nxg4 25. Qxg4 Qe1+ 26. Rf1 Ne5 27. Qf5 Nf3+ 28.
Qxf3 Bd4+ 29. Nf2 Qe5 30. Bf4 Qg7 31. Kg2 Rfe8 32. Ne4 Qg6 33. Nxd6 Qc2+ 34. Kh3
Re2 35. Qg4+ Bg7 36. Qf5 Rxh2+ 37. Kg4 Qe2+ 38. Rf3 Rf8 39. Nxf7 Rf2 40. Ng5 1-0

[Event "33rd Leon Blitz Open 2020"]
[Site "chess.com INT"]
[Date "2020.07.14"]
[Round "4"]
[White "Akshat, Khamparia"]
[Black "Rohith, Krishna S"]
[Result "1-0"]
[WhiteTitle "IM"]
[BlackTitle "FM"]
[WhiteElo "2406"]
[BlackElo "2304"]
[WhiteFideId "5016541"]
[BlackFideId "46617051"]
[EventDate "2020.07.14"]
[EventType "blitz"]

1. d4 d5 2. c4 e6 3. Nc3 Nf6 4. cxd5 exd5 5. Bg5 Nbd7 6. e3 c6 7. Bd3 Be7 8.
Nge2 O-O 9. Qc2 Re8 10. O-O-O h6 11. Bf4 Nf8 12. h3 a5 13. g4 N6h7 14. Ng3 b5
15. Nf5 a4 16. Ne2 Bd7 17. Kb1 b4 18. Nxe7+ Qxe7 19. Ng3 Ng5 20. Nf5 Bxf5 21.
gxf5 Ne4 22. f3 Nf6 23. Qxc6 Rec8 24. Qd6 Qe8 25. Rc1 Nh5 26. Be5 Rd8 27. Qxb4
Nd7 28. Bb5 f6 29. Bc7 Rdc8 30. Qd6 Qxe3 31. Qxd5+ Kh7 32. Rhe1 Qf2 33. Re2 Nb6
34. Qxa8 Qxe2 35. Bxe2 Nxa8 36. Ba5 Re8 37. Bb5 Rb8 38. Bxa4 Nb6 39. Bb3 Nf4 40.
Rc7 Nxh3 41. d5 Nf4 42. d6 Nbd5 43. Bxd5 Nxd5 44. Rc5 Ne3 45. d7 h5 46. d8=Q
Rxd8 47. Bxd8 h4 48. Rc1 Kh6 49. Re1 Nxf5 50. a4 Nd4 51. a5 Nxf3 52. Rh1 Kg5 53.
a6 Nd2+ 54. Kc2 Nc4 55. a7 Nb6 56. Bxb6 1-0

[Event "33rd Leon Blitz Open 2020"]
[Site "chess.com INT"]
[Date "2020.07.14"]
[Round "4"]
[White "Garcia Cardenas, Pablo"]
[Black "Grunberg, Mihai-Lucian"]
[Result "1/2-1/2"]
[WhiteTitle "IM"]
[BlackTitle "IM"]
[WhiteElo "2422"]
[BlackElo "2401"]
[WhiteFideId "3406903"]
[BlackFideId "1204149"]
[EventDate "2020.07.14"]
[EventType "blitz"]

1. d4 Nf6 2. c4 g6 3. Nc3 d5 4. cxd5 Nxd5 5. e4 Nxc3 6. bxc3 Bg7 7. Be3 c5 8.
Rc1 cxd4 9. cxd4 O-O 10. Qd2 b6 11. Bc4 Bb7 12. f3 Nc6 13. Ne2 Rc8 14. O-O Na5
15. Bd3 Qd7 16. h4 Rxc1 17. Rxc1 Rc8 18. h5 Rxc1+ 19. Qxc1 Qc8 20. h6 Qxc1+ 21.
Bxc1 Bf8 22. Kf2 e6 23. g4 f6 24. Bf4 g5 25. Bb8 Nc6 26. Bc7 Bxh6 27. d5 exd5
28. exd5 Nb4 29. Be4 Bxd5 30. a3 Bxe4 31. fxe4 Nc2 32. a4 Bf8 33. Ng3 Bc5+ 34.
Ke2 Nd4+ 35. Kd3 Nc6 36. Kc4 Kf7 37. Kb5 Na5 38. Bb8 Nb3 39. Nf5 Nd2 40. Bxa7
Nxe4 41. Bxb6 Nc3+ 42. Kxc5 Nxa4+ 43. Kb5 Nxb6 44. Kxb6 Kg6 45. Ng3 h5 46. gxh5+
Kh6 47. Kc5 f5 48. Nxf5+ Kxh5 49. Ne3 g4 50. Nxg4 1/2-1/2

[Event "33rd Leon Blitz Open 2020"]
[Site "chess.com INT"]
[Date "2020.07.14"]
[Round "4"]
[White "Leenhouts, Koen"]
[Black "Piorun, Kacper"]
[Result "0-1"]
[WhiteTitle "IM"]
[BlackTitle "GM"]
[WhiteElo "2414"]
[BlackElo "2601"]
[WhiteFideId "1008439"]
[BlackFideId "1130420"]
[EventDate "2020.07.14"]
[EventType "blitz"]

1. d4 g6 2. c4 Bg7 3. e4 d6 4. Nc3 Nc6 5. d5 Ne5 6. f4 Nd7 7. Nf3 c6 8. Be3 Ngf6
9. h3 O-O 10. Bd3 e6 11. dxe6 fxe6 12. O-O Qe7 13. Qd2 a6 14. a4 a5 15. Rae1 Ne8
16. Bc2 Ndf6 17. e5 Nh5 18. Ne4 d5 19. Bc5 Qc7 20. Bxf8 dxe4 21. Bxg7 exf3 22.
Bh6 fxg2 23. Qxg2 c5 24. Kh2 Bd7 25. Bxg6 hxg6 26. Qxg6+ Nhg7 27. Rg1 Bc6 28.
Re3 Rd8 29. h4 Rd2+ 30. Kh3 Qf7 31. Reg3 Qxg6 32. Rxg6 Rd3+ 33. Kh2 Rd2+ 34. Kh3
Rd7 35. Rxe6 Kh7 36. Reg6 Nf5 37. Bf8 Rd3+ 38. Kh2 Rf3 39. R6g5 Rf2+ 40. Kh3
Rf3+ 41. Kg4 Ne3+ 42. Kh5 Rxf4 43. Be7 Bf3+ 44. R5g4 Rf5+ 45. Bg5 Ng7# 0-1

[Event "33rd Leon Blitz Open 2020"]
[Site "chess.com INT"]
[Date "2020.07.14"]
[Round "4"]
[White "Van Foreest, Jorden"]
[Black "Timofeev, Artyom"]
[Result "0-1"]
[WhiteTitle "GM"]
[BlackTitle "GM"]
[WhiteElo "2682"]
[BlackElo "2580"]
[WhiteFideId "1039784"]
[BlackFideId "4140419"]
[EventDate "2020.07.14"]
[EventType "blitz"]

1. e4 d5 2. exd5 Qxd5 3. Nc3 Qd8 4. d4 g6 5. Nf3 Nh6 6. Bf4 Bg7 7. Qd2 Nf5 8.
O-O-O a6 9. h4 h6 10. Be5 Bxe5 11. dxe5 Qxd2+ 12. Rxd2 c6 13. Bd3 Be6 14. Bxf5
Bxf5 15. Nd4 Nd7 16. Re1 Nc5 17. b4 Ne6 18. Na4 Nxd4 19. Rxd4 Rd8 20. Red1 Rxd4
21. Rxd4 O-O 22. Nc5 b6 23. Na4 Rb8 24. Nb2 Kg7 25. a4 f6 26. exf6+ Kxf6 27. Nc4
Be6 28. Ne3 g5 29. hxg5+ hxg5 30. Kd2 c5 31. Re4 Rc8 32. b5 axb5 33. axb5 Ra8
34. c4 Ra2+ 35. Ke1 Rb2 36. f3 Ra2 37. Kf1 Rb2 38. Kg1 Ra2 39. Kh2 Rd2 40. Kg3
Rd4 41. Ng4+ Bxg4 42. Rxg4 e5 43. Re4 Kf5 44. Rxd4 exd4 45. Kf2 g4 46. Kg3 gxf3
47. Kxf3 Kg5 48. Kg3 Kf5 49. Kf3 Ke5 50. g4 Kf6 51. Kf4 Kg6 52. Kf3 Kg5 53. Kg3
d3 54. Kf3 d2 55. Ke2 Kxg4 56. Kxd2 Kf4 57. Kd3 Kf3 0-1

[Event "33rd Leon Blitz Open 2020"]
[Site "chess.com INT"]
[Date "2020.07.14"]
[Round "4"]
[White "Motylev, Alexander"]
[Black "Vitiugov, Nikita"]
[Result "0-1"]
[WhiteTitle "GM"]
[BlackTitle "GM"]
[WhiteElo "2641"]
[BlackElo "2722"]
[WhiteFideId "4121830"]
[BlackFideId "4152956"]
[EventDate "2020.07.14"]
[EventType "blitz"]

1. e4 e6 2. d4 d5 3. e5 c5 4. Nf3 Nc6 5. Bd3 cxd4 6. O-O Nge7 7. Re1 Ng6 8. a3
Bd7 9. b4 a6 10. Nbd2 Rc8 11. Nb3 Qc7 12. Qe2 Be7 13. g3 O-O 14. h4 f6 15. exf6
Bxf6 16. Bxg6 hxg6 17. Bf4 e5 18. Nxe5 Bxe5 19. Bxe5 Qxe5 20. Qxe5 Nxe5 21. Rxe5
Rxc2 22. Nxd4 Rcxf2 23. Re2 Rxe2 24. Nxe2 Rf3 25. Kg2 Rd3 26. Nf4 Rd2+ 27. Kf3
d4 28. Nxg6 Ba4 29. Ne5 d3 30. Re1 Ra2 31. Nxd3 Rxa3 32. Re3 Rb3 33. Kf4 Bb5 34.
Ne5 Rxb4+ 35. Kg5 Rd4 36. Rf3 Rd5 37. Rf5 a5 38. h5 a4 39. h6 a3 40. Kf4 a2 41.
Rf8+ Kh7 42. hxg7 Kxg7 43. Ra8 Ba6 44. Re8 Rxe5 0-1

[Event "33rd Leon Blitz Open 2020"]
[Site "chess.com INT"]
[Date "2020.07.14"]
[Round "4"]
[White "Herrera Reyes, Jose Antonio"]
[Black "Rottenwohrer Suarez, Juan"]
[Result "0-1"]
[WhiteTitle "FM"]
[BlackTitle "CM"]
[WhiteElo "2304"]
[BlackElo "2197"]
[WhiteFideId "2274914"]
[BlackFideId "32068182"]
[EventDate "2020.07.14"]
[EventType "blitz"]

1. Nf3 Nf6 2. g3 g6 3. Bg2 Bg7 4. d3 O-O 5. Nc3 c5 6. h4 h6 7. Bf4 d6 8. Qd2 h5
9. O-O-O Nc6 10. Bh6 Rb8 11. Bxg7 Kxg7 12. Ng5 Bd7 13. f4 b5 14. f5 b4 15. Nb1
Qa5 16. fxg6 Qxa2 17. gxf7 Nd4 18. e3 Nb5 19. Rdf1 Na3 20. bxa3 bxa3 21. Qc3
Rxb1+ 22. Kd2 Rxf1 23. Rxf1 Rb8 24. Ra1 Qb2 25. Rxa3 Qb1 26. Ra1 Qb6 27. Bd5 c4
28. Bxc4 Qc5 29. Be6 Qc6 30. Rxa7 Qg2+ 31. Kc1 Qf1+ 32. Kd2 Qf2+ 33. Kc1 Qf1+
34. Kd2 Rb1 35. f8=Q+ Kxf8 36. Ra8+ Kg7 37. Rg8+ Kh6 38. Nf7+ Kh7 39. Ng5+ Kh6
40. Rh8+ Kg7 41. Rh7+ Kg6 42. Bf7+ Kf5 43. Qa5+ Kg4 44. Qa4+ Bxa4 45. Be6+ Kxg3
46. c3 Qe1# 0-1

[Event "33rd Leon Blitz Open 2020"]
[Site "chess.com INT"]
[Date "2020.07.14"]
[Round "4"]
[White "Grigoriants, Sergey"]
[Black "Hoang, Thi Bao Tram"]
[Result "0-1"]
[WhiteTitle "GM"]
[BlackTitle "WGM"]
[WhiteElo "2542"]
[BlackElo "2288"]
[WhiteFideId "4130804"]
[BlackFideId "12401102"]
[EventDate "2020.07.14"]
[EventType "blitz"]

1. e4 c6 2. d4 d5 3. e5 g6 4. Bd3 Bg7 5. Nf3 Nh6 6. O-O O-O 7. Re1 a5 8. h3 f6
9. exf6 exf6 10. c4 Na6 11. Nc3 Nc7 12. Bf4 Ne6 13. Bg3 Nf7 14. cxd5 cxd5 15.
Nb5 Bd7 16. Rxe6 Bxe6 17. Nc7 Bd7 18. Nxa8 Qxa8 19. Qb3 Bc6 20. Re1 Re8 21.
Rxe8+ Qxe8 22. Qb6 a4 23. Qc7 Bf8 24. a3 Qe6 25. Kf1 Nd6 26. Bxd6 Bxd6 27. Qd8+
Kg7 28. Ne1 Bf4 29. Nc2 Bc1 30. Qc7+ Kh6 31. Qb6 Bd2 32. Qd8 Kg7 33. Qc7+ Kh6
34. Qd8 Be8 35. Qb8 Qe7 36. g3 Bc1 37. Nb4 Qe6 38. Kg2 Bxb2 39. Qxb7 Bxd4 40.
Bb5 Bxb5 41. Qxb5 Qe4+ 42. Kf1 Qb1+ 43. Kg2 Qb2 44. Qf1 Qxa3 45. Nxd5 Qb2 46.
Nf4 a3 47. Nd3 Qd2 48. Nc1 Bb2 49. Na2 Qd5+ 0-1

[Event "33rd Leon Blitz Open 2020"]
[Site "chess.com INT"]
[Date "2020.07.14"]
[Round "4"]
[White "Mogirzan, Matei-Valeriu"]
[Black "Tronenkovs, Valdis"]
[Result "1/2-1/2"]
[WhiteTitle "CM"]
[BlackTitle "FM"]
[WhiteElo "1813"]
[BlackElo "2265"]
[WhiteFideId "1257455"]
[BlackFideId "11601558"]
[EventDate "2020.07.14"]
[EventType "blitz"]

1. d4 Nf6 2. c3 d5 3. Nf3 g6 4. Nbd2 Bg7 5. e3 O-O 6. Ne5 Nfd7 7. Ndf3 Nxe5 8.
Nxe5 Nd7 9. Nxd7 Bxd7 10. Bd3 e5 11. dxe5 Bxe5 12. f4 Bg7 13. O-O Re8 14. Qf3
Bf5 15. Bxf5 gxf5 16. Bd2 c6 17. Kh1 Qe7 18. g4 fxg4 19. Qxg4 Qe4+ 20. Rf3 Re6
21. Qg2 Rg6 22. Rg3 Re8 23. Qxe4 dxe4 24. Rxg6 hxg6 25. Kg2 Rd8 26. Rd1 c5 27.
Kf2 c4 28. Ke2 Rd3 29. Be1 b5 30. Rxd3 exd3+ 31. Kd2 f5 32. e4 fxe4 33. Ke3 Kf7
34. Kxe4 Ke6 35. Bd2 a5 36. b3 Bf6 37. bxc4 bxc4 38. a4 Bg7 39. Bc1 Bf6 40. Bd2
Kd6 41. Be1 Kc5 42. Bf2+ Kc6 43. Be1 Kd6 44. Bd2 Ke6 45. Be1 Bg7 46. Bd2 Bf6 47.
Be1 Bh8 48. Bd2 Bg7 49. Be1 Bh6 50. Bd2 Bg7 1/2-1/2